000 00325 a2200109 4500
001 ART_11214
005 20260410161855.0
008 260409a
245 1 0 _aMercados, moneda y progreso material
100 1 _aAnderson, Robert G.
773 0 _tRevista de Economía
_g- Nº 38/39 (sep./dic. 1983)
_wREV11077
999 _c25386
_d25386